| 000 | 00815nam a2200253 a 4500 | ||
|---|---|---|---|
| 001 | 6813 | ||
| 003 | BD-RjUL | ||
| 005 | 20211208234323.0 | ||
| 008 | 140112s1966 nyuab 00| 0 eng d | ||
| 035 | _a62-12987 | ||
| 035 | _a(BD-RjUL)6855 | ||
| 040 |
_aDLC _cDLC _dBD-RjUL _beng |
||
| 041 | _aeng | ||
| 082 |
_a417.7 _bLEH 1966 _223 |
||
| 099 |
_a*ML A.6H - A - G2 _e: Historical linguistics |
||
| 100 | 1 |
_aLehmann, Winfred P. _q(Winfred Philipp), _d1916-2007 _921406 |
|
| 245 | 1 | 0 |
_aHistorical linguistics : _ban introduction / _cWinfred P. Lehmann. |
| 260 |
_aNew York ; _bLondon : _bHolt, Rinehart & Winston, _c1966 |
||
| 300 |
_axiii, 297 p. : _bill. ; _c22 cm. |
||
| 504 | _aIncludes bibliographical references and index. | ||
| 650 | 0 |
_aHistorical linguistics. _921407 |
|
| 942 |
_2ddc _cBK |
||
| 999 |
_c6813 _d6813 |
||